<?xml version="1.0" encoding="UTF-8"?>
<collection xmlns="http://www.loc.gov/MARC21/slim">
 <record>
  <leader>02185nam a2200277 a 4500</leader>
  <controlfield tag="001">1/44375</controlfield>
  <controlfield tag="008">140328s2010    lu d     b    001 0 eng  </controlfield>
  <datafield tag="035" ind1=" " ind2=" ">
   <subfield code="l">47323</subfield>
  </datafield>
  <datafield tag="040" ind1=" " ind2=" ">
   <subfield code="a">OPELS</subfield>
   <subfield code="b">eng</subfield>
   <subfield code="c">OPELS</subfield>
   <subfield code="d">GR-PeUP</subfield>
  </datafield>
  <datafield tag="041" ind1="0" ind2=" ">
   <subfield code="a">eng</subfield>
  </datafield>
  <datafield tag="110" ind1="2" ind2=" ">
   <subfield code="a">Institut der Deutschen Wirtschaft Koln.</subfield>
  </datafield>
  <datafield tag="245" ind1="1" ind2="0">
   <subfield code="a">European company survey on reconciliation of work and family life</subfield>
   <subfield code="h">[electronic resource] :</subfield>
   <subfield code="b">final report /</subfield>
   <subfield code="c">FInstitut der Deutschen Wirtschaft Koln.</subfield>
  </datafield>
  <datafield tag="260" ind1=" " ind2=" ">
   <subfield code="a">Βερολίνο :</subfield>
   <subfield code="b">Federal Ministry for Family Affairs, Senior Citizens, Women and Youth - BMFSFJ,</subfield>
   <subfield code="c">2010.</subfield>
  </datafield>
  <datafield tag="300" ind1=" " ind2=" ">
   <subfield code="a">Ένα html e-book.</subfield>
  </datafield>
  <datafield tag="490" ind1="1" ind2=" ">
   <subfield code="a">Family affairs ;</subfield>
  </datafield>
  <datafield tag="504" ind1=" " ind2=" ">
   <subfield code="a">Περιέχει βιβλιογραφία και ευρετήριο.</subfield>
  </datafield>
  <datafield tag="520" ind1="0" ind2=" ">
   <subfield code="a">Demographic change requires an increase in labour force participation. This applies particularly to those groups which have had relatively low participation rates in the past and those with family obligations such as child rearing or care for the elderly. With many companies already reporting difficulties in recruiting or retaining qualified staff, policies which aim to reconcile work and family life more effectively have become more attractive. Implementing work-life balance1 policies may therefore be considered a significant factor in the enhancement of corporate competitiveness and national prosperity. Governments together with the social partners at the national, sectoral and company levels must tackle the challenge of ensuring the competitiveness of companies while granting women and men equal participation in work and family life.</subfield>
  </datafield>
  <datafield tag="533" ind1=" " ind2=" ">
   <subfield code="a">Ηλεκτρονικό βιβλίο</subfield>
   <subfield code="n">Τρόπος πρόσβασης μέσω διαδικτύου.</subfield>
  </datafield>
  <datafield tag="650" ind1=" " ind2="4">
   <subfield code="a">Quality of life</subfield>
   <subfield code="z">European Union countries.</subfield>
  </datafield>
  <datafield tag="650" ind1=" " ind2="4">
   <subfield code="a">Demographic change.</subfield>
  </datafield>
  <datafield tag="650" ind1=" " ind2="4">
   <subfield code="a">Work and family.</subfield>
  </datafield>
  <datafield tag="655" ind1=" " ind2="4">
   <subfield code="a">Electronic books.</subfield>
  </datafield>
  <datafield tag="710" ind1="2" ind2=" ">
   <subfield code="a">Federal Ministry for Family Affairs, Senior Citizens, Women and Youth.</subfield>
  </datafield>
  <datafield tag="830" ind1=" " ind2=" ">
   <subfield code="a">Family affairs.</subfield>
  </datafield>
  <datafield tag="852" ind1=" " ind2=" ">
   <subfield code="a">INST</subfield>
   <subfield code="b">UNIPILB</subfield>
   <subfield code="c">EBOOKS</subfield>
   <subfield code="e">20140328</subfield>
   <subfield code="p">00b47323</subfield>
   <subfield code="q">00b47323</subfield>
   <subfield code="t">ONLINE</subfield>
   <subfield code="y">0</subfield>
  </datafield>
  <datafield tag="856" ind1="4" ind2="0">
   <subfield code="u">http://www.bosch-stiftung.de/content/language2/downloads/Endfassung_Unternehmensmonitor_Familienfreundlichkeit-ENGLISCH.pdf</subfield>
  </datafield>
 </record>
</collection>
